Relationships between swelling temperature and shape memory properties of palmitic acid-based shape memory natural rubber (Record no. 66706)

MARC details
000 -LEADER
fixed length control field 00514nam a2200169Ia 4500
100 ## - MAIN ENTRY--AUTHOR NAME
Personal name Kow Y.Y
245 #0 - TITLE STATEMENT
Title Relationships between swelling temperature and shape memory properties of palmitic acid-based shape memory natural rubber
260 ## - PUBLICATION, DISTRIBUTION, ETC. (IMPRINT)
Name of publisher Journal of Rubber Research
Year of publication 2020
300 ## - PHYSICAL DESCRIPTION
Number of Pages 13-22
500 ## - GENERAL NOTE
General note Source Year: 2020
650 ## - SUBJECT ADDED ENTRY--TOPICAL TERM
Topical Term Swelling temperature
700 ## - ADDED ENTRY--PERSONAL NAME
Personal name Chai A.B
700 ## - ADDED ENTRY--PERSONAL NAME
Personal name Ho J.H
856 ## - ELECTRONIC LOCATION AND ACCESS
Uniform Resource Identifier Bibli details only
942 ## - ADDED ENTRY ELEMENTS (KOHA)
Koha item type Journals
Holdings
Withdrawn status Lost status Damaged status Not for loan Home library Current library Shelving location Date acquired Serial Enumeration / chronology Koha item type
      Journals RRII Library RRII Library Rubber technology 17/12/2021 Volume 23, Issue 1 Journals